000 00758nam a22002537a 4500
003 UA-OsUOA
001 59648
007 ta
008 20090406b un ||||| |||| 00| 0 ukr d
100 _aБотт Эд
700 _aЗихерт Карл
090 _a004.3/9
_bБ86
942 _cBK
040 _aUA-OsUOA
_brus
_cUA-OsUOA
_dUA-OsUOA
245 _aЛокальные сети и безопасность Microsoft Windows XP. Inside Out
_bПолное руководство
300 _a944 с.
955 _a2
041 _arus
080 _a004.3/9
020 _a978-5-9790-0001-5
260 _aМ.
_bЭКОМ Паблишерз
_c2007
650 7 _a00 Загальні питання науки і культури
_2UDC
999 _c345740
_d345740